00918nam a2200217 a 4500001000900000005001700009008004100026020001500067050002500082100003900107245005300146260014600199300002300345440004300368500008000411650002700491651005300518942001100571999001300582952010500595BRCA_74720190320203131.0911022s1988 mx-a---##b---f001-0#spa-d a9688160857 4aF1386b.D57 17c19881 aMacedo, Miguel S.d1856-19299247310aMi barriobensayo históricocMiguel S. Macedo. aMéxicobDepartamento del Distrito Federal : Secretaría General de Desarrollo Social : Comité Interno de Ediciones Gubernamentalesc1988 a91 p.bil.c21 cm. 0aColección Distrito Federalv1792474 aIncluye índice analítico, índice alfabético e índice de láminas14aCalleszMéxico92475 4aCiudad de MéxicoxDescripción y viajes92418 2lcccB c646d646 00104070aBRCAbBRCAd2008-06-26l0oF1386 .D57 17 1988p01144r2019-03-22 00:00:00w2019-03-22yB